Sports Quiz

Random Sports or NBA Quiz

NBA top players in 2015 Quiz Stats

 Plays Quiz not verified by Sporcle

Support Sporcle.
Go Orange.
Score 0/10 Timer 10:00
0 Plays Today
Hint Answer % Correct
Warriors???
100%
Rockets???
95.8%
Thunder???
91.5%
Cavs???
91.5%
Clippers???
88.7%
Warriors???
88.7%
Cavs???
88.7%
Peilcans???
85.9%
Wizards???
85.9%
Bulls???
54.9%

You're not logged in!

Compare scores with friends on all Sporcle quizzes.
OR
Log In

From the Vault

MLB Most Career Grand Slams

by Johnny_Edman

This is the best way to ruin a pitcher's day.
Remove Ads.
Support Sporcle.
Get the best of Sporcle when you Go Orange. This ad-free experience offers more features, more stats, and more fun while also helping to support Sporcle. Thank you for becoming a member.

Show Comments

Extras

Created Jan 14, 2016ReportNominate
Tags:NBA Quiz, 2015, Player

Top Quizzes Today


Score Distribution

Your Account Isn't Verified!

In order to create a playlist on Sporcle, you need to verify the email address you used during registration. Go to your Sporcle Settings to finish the process.

Report this User

Report this user for behavior that violates our Community Guidelines.

Details: